zpět

Detail výsledku týmu

Hasičárna Novesta, Zlín

Datum a čas kvízu

36 Celkem bodů Celkový počet nahraných bodů na tomto kvízu bez doplňovacích otázek.
4. Pořadí na kvízu Konečné umístění týmu na tomto kvízu.

Zaznamenané odpovědi

# Otázka Odpověď Body Výsledky
1. Poslední květnový den vyvrchol... bábovka (#babovkovyden) 1
2. Kanaďan Nick Chowdhury před 33... A 0
3. Ve čtvrtek měl v kinech premié... Princezna na hrášku 1
4. Kvůli nařízení Evropské unie t... Alfa Romeo 1
5. V pátek proběhlo slavnostní vy... Král bílé stopy, Ester Ledecká 1
6. Kterým výrazem na písmeno M se... mixologie 1
7. Ernest Hemingway měl údajně v... Daiquiri 0
8. Oblíbenou složkou míchaných ná... pomeranči 0
9. Ve filmu Někdo to rád horké se... Manhattan 1
10. V poslední otázce se podíváme... Semafor 1